Panda Quiz - Statistics

General Stats
  • This quiz has been taken 212 times
  • The average score is 4 of 6
Answer Stats
Hint Answer % Correct
What do pandas mainly eat. Bamboo
97%
What colors are pandas. Black and white
88%
What animal has panda in its name. Red panda
75%
What other color are pandas. Brown
68%
How many fingers do pandas have. Six
56%
What other color are pandas. Gray
48%
No matching quizzes found
Score Distribution
Percent of People with Each Score
Percentile by Number Answered
Your Score History
You have not taken this quiz